000
00285nam a22001217a 4500
020
_a
0-07-034022-6
082
_a
004.03 KEL'D
100
_a
BOOTLE , KELLY, S
_9
66076
245
_a
THE DEVILS DP DICTIONARY
260
_a
NEWYORK
_b
MCGRAW HILL
_c
1981
300
_a
XI, 141P
942
_c
BK
999
_c
574110
_d
574110